00659nam a2200181 i 450000100060000000300090000600500170001500700030003200800410003510000380007624500790011426000470019330000320024071000360027285200310030899900170033995201210035631110ES-MaACL20230906154318.0t|030128s1967 sp ||||1| spa d1 aBatzan Vergara, Francisco.92649910aManual Informativo de la Villa de Madrid / cpor Francisco Batzan Vergara. aMadrid : bAyuntamiento de Madrid, c1967. a142 p., 1 lám. ; c25 cm.1 aMadrid. bAyuntamiento 9234069 aES-MaACLjE-6010 bR.90718 c31110d31110 00104070aATENEOMbATENEOMcDEPO2d2008-01-17eSCl0oE-6010p1032140r2023-02-23 00:00:00w2023-02-23yMONOGRAFIA